AH International Schools' Libraries

Wiggly Wiggly: (Record no. 49606)

MARC details
000 -LEADER
fixed length control field 01134nam a2200121 4500
020 ## - INTERNATIONAL STANDARD BOOK NUMBER
International Standard Book Number 9781406384246
100 ## - MAIN ENTRY--PERSONAL NAME
Personal name Rosen, Michael,
Relator term author.
9 (RLIN) 53567
245 ## - TITLE STATEMENT
Title Wiggly Wiggly:
Remainder of title Playtime Rhymes /
Statement of responsibility, etc by Michael Rosen, illustrated by Chris Riddle.
260 ## - PUBLICATION, DISTRIBUTION, ETC. (IMPRINT)
Place of publication, distribution, etc London:
Name of publisher, distributor, etc Walker Books;
Date of publication, distribution, etc 2015.
300 ## - PHYSICAL DESCRIPTION
Extent 20 pages.
Dimensions 6.69 x 0.59 x 7.64 inches.
500 ## - GENERAL NOTE
General note Wiggle, jiggle and giggle along with this board-book of action rhymes, collected from A Great Big Cuddle.<br/><br/>A board-book collection of action rhymes from not one but two Children's Laureates. Join a band of mischievous monkeys, tigers, lions, elephants and bears as they tippy-tap, boing-boing, wiggle-wiggle and wave hello – and goodbye! The most energetic poems from the award-winning anthology A Great Big Cuddle have found the perfect new home in this friendly format. Michael Rosen has adapted his rhymes so that even the very littlest readers can join in; Chris Riddell's vibrant, extraordinary pictures fizz off the page. Pairing two of the biggest names in the world of children’s books, Wiggly Wiggly is a small book that contains a lot of action!
942 ## - ADDED ENTRY ELEMENTS (KOHA)
Source of classification or shelving scheme
Koha item type Board Book
Holdings
Withdrawn status Lost status Source of classification or shelving scheme Damaged status Not for loan Home library Current library Date acquired Total Checkouts Full call number Barcode Date last seen Price effective from Koha item type
          Logos International School Logos International School 10/03/2025   BB ROS 041774 10/28/2025 10/03/2025 Board Book

For any Logos Library related questions please contact Miss Art at swongnarasuk@asianhope.org.

For any Asian Hope Library related questions please contact Miss Raza at graza@asianhope.org.

Click here to explore our ebooks!

Powered by Koha